[Event "Konyaalti Open-A 2019"]
[Site "Konyaalti"]
[Date "2019.11.17"]
[Round "1.9"]
[White "Mammadov, Zaur"]
[Black "Esen, Nejdet"]
[Result "1-0"]
[WhiteElo "2421"]
[BlackElo "1912"]
[Annotator "TA"]
[PlyCount "125"]
[EventDate "2019.11.20"]
[EventType "swiss"]
[EventCountry "TUR"]
[SourceTitle "playchess.com"]
[Source "ChessBase"]
[SourceQuality "1"]

{[%evp 13,125,16,36,20,17,13,18,14,32,0,4,1,1,0,18,10,16,17,12,0,0,0,0,0,0,0,0,0,0,-20,-14,-26,0,0,0,-23,0,9,20,16,11,20,25,0,0,0,0,0,0,0,-3,-59,0,0,0,0,0,0,0,15,7,0,0,3,43,38,54,0,0,-19,-33,-16,-18,-7,26,26,1042,1033,1134,1128,1117,1120,1070,1063,1017,733,725,722,1049,1042,1040,957,1032,1012,1096,1084,12843,12843,12843,1641,1547,1538,1837,1786,12837,12838,12842,12843,29976,29977,29975,12841,12841,12841]} 1. e4 c5 2. c3 Nf6 3. e5 Nd5 4. Nf3 e6 5. d4 cxd4 6. cxd4 b6 7. Bd3 Ba6 8. Bxa6 {B22: Sicilian: 2 c3} Nxa6 9. O-O Be7 10. Nc3 {The position is equal.} Nac7 11. Ne4 O-O 12. Qd3 (12. Bd2 f5 13. exf6 {½-½ (13) Howell,D (2684)-Demchenko,A (2629) Minsk 2017}) 12... f5 {Strongly threatening ...Nb4.} 13. exf6 gxf6 $146 ({Predecessor:} 13... Nxf6 14. Neg5 Qe8 15. Ne5 Qh5 {1-0 (27) Paichadze,L (2529)-Kanjaryan,V (2067) Yerevan 2014}) 14. Bh6 Rf7 15. Rac1 Kh8 16. a3 Qg8 17. Ng3 Bd6 18. Qd2 Qg6 19. Rfe1 Bf8 20. Bxf8 Raxf8 21. Re4 Rg7 22. Rh4 Nb5 23. Rh6 Qg4 24. Qd1 Qf4 25. Rh4 Rg4 26. Rxg4 Qxg4 27. Qa4 a6 $1 28. Re1 Ra8 29. h3 Qg7 30. Re4 Nd6 31. Rg4 Qf7 32. Ne4 (32. Qd1 $11) 32... Nf5 (32... Nxe4 $15 33. Rxe4 Qg6) 33. Nc3 $11 b5 34. Qb3 h5 35. Re4 {With the idea Nxd5.} Nd6 {And now ...Nxc3 would win.} 36. Re1 Nf4 {Threatens to win with ...Qg6!} 37. Ne2 Nd5 38. Nh4 Rg8 39. Qf3 Rg5 40. Nf4 (40. Rc1 $14) 40... Nf5 41. Nxf5 Rxf5 42. g3 Nxf4 43. gxf4 {[%mdl 4096] Endgame KQR-KQR} Qg7+ 44. Kh1 Qh6 $2 {[%mdl 8192]} (44... Qf8 $11) 45. Qa8+ $18 {[%mdl 64] [#] Double Attack} Kg7 46. Rg1+ Kf7 47. Rg8 {[%csl Gg8][%cal Ra8e8]} Ke7 48. Re8+ Kf7 49. Rh8 Qxh8 50. Qxh8 {KQ-KR} a5 51. Qd8 Rd5 52. Qxa5 Kg6 53. Qd2 Kf5 54. Kg2 {Qd3+ is the strong threat.} Ke4 55. Qe3+ Kf5 56. Kf3 {[%csl Gf3][%cal Re3e4]} Kg6 57. b3 {[%cal Bb2b3,Bb3a4,Ba4a5][%mdl 32]} Kf7 58. a4 bxa4 59. bxa4 Ke7 60. Qc3 Kd8 61. a5 Rd6 {[#]} 62. Qc5 $1 Ra6 63. Qb5 {Accuracy: White = 57%, Black = 60%.} 1-0

[Event "Konyaalti Open-A 2019"]
[Site "Konyaalti"]
[Date "2019.11.17"]
[Round "1.10"]
[White "Yaylali, Adnan Dogan"]
[Black "Yurtseven, Melih"]
[Result "0-1"]
[WhiteElo "1965"]
[BlackElo "2388"]
[Annotator "RC"]
[PlyCount "70"]
[EventDate "2019.11.20"]
[EventType "swiss"]
[EventCountry "TUR"]
[SourceTitle "playchess.com"]
[Source "ChessBase"]
[SourceQuality "1"]
[TimeControl "5400+30"]

1. Nf3 {[%emt 0:00:30]} g6 {[%emt 0:00:30]} 2. e4 {[%emt 0:00:30]} Bg7 {[%emt 0:00:00]} 3. d4 {[%emt 0:00:30]} d6 {[%emt 0:00:00]} 4. Bc4 {[%emt 0:01:30]} Nf6 {[%emt 0:02:30]} 5. Qe2 {[%emt 0:00:30]} c6 {[%emt 0:02:30]} 6. Bb3 {[%emt 0:00:00]} e5 {[%emt 0:00:30]} 7. dxe5 {[%emt 0:06:00]} dxe5 {[%emt 0:00:30]} 8. O-O {[%emt 0:01:30]} Qe7 {[%emt 0:00:30]} 9. Nbd2 {[%emt 0:04:30]} O-O {[%emt 0:02:30]} 10. Nc4 {[%emt 0:13:30]} Bg4 {[%emt 0:02:30]} 11. a4 {[%emt 0:20:30]} Nbd7 {[%emt 0:04:30]} 12. c3 {[%emt 0:01:30]} h6 {[%emt 0:00:30]} 13. Bc2 {[%emt 0:00:30]} Nh5 {[%emt 0:02:30]} 14. g3 {[%emt 0:14:30]} Rfd8 {[%emt 0:09:30]} 15. Ne3 {[%emt 0:04:30]} Bh3 {[%emt 0:04:30]} 16. Re1 {[%emt 0:01:30]} Nc5 {[%emt 0:02:30]} 17. b4 {[%emt 0:01:30]} Ne6 {[%emt 0:03:30]} 18. Nc4 {[%emt 0:01:30]} Bg4 {[%emt 0:01:30]} 19. Ne3 {[%emt 0:03:30]} Nef4 {[%emt 0:12:30]} 20. gxf4 {[%emt 0:00:30]} Nxf4 {[%emt 0:00:00]} 21. Nxg4 {[%emt 0:01:30]} Nxe2+ {[%emt 0:00:00]} 22. Rxe2 {[%emt 0:00:30]} Qe6 {[%emt 0:00:30]} 23. Ne3 {[%emt 0:00:30]} Qh3 {[%emt 0:00:30]} 24. Nd2 {[%emt 0:02:10]} h5 {[%emt 0:00:30]} 25. Kh1 {[%emt 0:01:05]} Bh6 {[%emt 0:02:59]} 26. Re1 {[%emt 0:05:02]} Rxd2 {[%emt 0:05:01]} 27. Bxd2 {[%emt 0:03:35]} Bf4 {[%emt 0:00:30]} 28. Nf1 {[%emt 0:00:38]} Qf3+ {[%emt 0:00:30]} 29. Kg1 {[%emt 0:00:08]} Bxd2 {[%emt 0:00:30]} 30. Nxd2 {[%emt 0:00:48]} Qxc3 {[%emt 0:00:00]} 31. Bb3 {[%emt 0:00:55]} Qxd2 {[%emt 0:01:00]} 32. Re3 {[%emt 0:01:39]} Qxb4 {[%emt 0:02:30]} 33. Kh1 {[%emt 0:01:30]} Rd8 {[%emt 0:00:30]} 34. Rg1 {[%emt 0:00:40]} Kg7 {[%emt 0:00:30]} 35. Rg5 {[%emt 0:01:10]} Qd4 {[%emt 0:00:30]} 0-1

[Event "Konyaalti Open-A 2019"]
[Site "Konyaalti"]
[Date "2019.11.18"]
[Round "2.1"]
[White "Shanava, Konstantine"]
[Black "Lortkipanidze, Nodar"]
[Result "1-0"]
[WhiteElo "2491"]
[BlackElo "2377"]
[Annotator "TA"]
[PlyCount "87"]
[EventDate "2019.11.20"]
[EventType "swiss"]
[EventCountry "TUR"]
[SourceTitle "playchess.com"]
[Source "ChessBase"]
[SourceQuality "1"]

{[%evp 9,87,1,16,16,9,17,6,-2,9,8,0,-21,-18,-19,11,-27,-33,-59,0,0,0,0,0,-1,0,0,0,0,0,-17,16,-26,92,75,169,177,453,477,659,689,668,426,418,412,390,370,383,275,341,339,334,322,349,363,416,416,447,415,480,469,440,393,393,389,441,429,441,439,585,574,555,549,511,407,741,725,4910,2090,29984,29985]} 1. g3 d5 2. Bg2 Nc6 3. c3 Nf6 4. d4 Bf5 5. Nf3 e6 6. Nbd2 {D02: 1 d4 d5 2 Nf3 sidelines, including 2...Nf6 3 g3 and 2...Nf6 3 Bf4} h6 7. O-O Bd6 (7... a5 8. a4 Bd6 9. Re1 Bh7 10. Nh4 Ne4 11. Nhf3 O-O 12. Nxe4 Bxe4 {1-0 (37) Kuzubov,Y (2699)-Bosiocic,M (2624) Riadh 2017}) 8. b4 {The position is equal.} a6 9. a4 O-O 10. Nb3 $146 ({Predecessor:} 10. Bb2 Re8 11. b5 axb5 12. axb5 Rxa1 13. Qxa1 {0-1 (38) Geroly,J (2040)-Tako,A (1954) Hungary 2008}) 10... Re8 11. Bb2 Be4 12. Nc5 Bxc5 $1 13. dxc5 Bxf3 ({Black should try} 13... b6 $15) 14. exf3 $11 Ne5 15. Re1 Nc4 16. Bc1 b6 17. Bf1 bxc5 18. bxc5 Rb8 19. Bd3 c6 20. Qe2 Qa5 (20... Na5 $1 $11 {keeps the balance.}) 21. Bxc4 $16 Qxc3 (21... dxc4 $16 22. Qxc4 Nd5) 22. Bf4 $18 Rb2 $2 {[#]} (22... dxc4 23. Bxb8 Rxb8) 23. Qe5 Qc2 24. Re2 Rb1+ 25. Rxb1 Qxb1+ 26. Re1 Qb4 27. Bxa6 Nd7 28. Qe2 e5 29. Be3 Qxa4 30. Rc1 Rb8 31. Bd3 d4 32. Bd2 Rb2 33. Qe1 Qa3 34. Bf5 Nf8 35. Rb1 Rxb1 36. Qxb1 ({Not} 36. Bxb1 Qxc5 37. f4 exf4 $18) 36... Qxf3 37. Be4 Qe2 38. Ba5 Nd7 39. Bh7+ Kh8 40. Bd3 Qf3 41. Bf5 Nf8 (41... Qd5 $142 42. Bxd7 Qxd7 43. Qb8+ {[%mdl 64] Double Attack} Kh7 44. Qxe5 Qg4) 42. Bc7 f6 43. Bd6 Kg8 44. Bxf8 {Accuracy: White = 74%, Black = 25%.} 1-0

[Event "Konyaalti Open-A 2019"]
[Site "Konyaalti"]
[Date "2019.11.18"]
[Round "2.2"]
[White "Bashirli, Nail"]
[Black "Mirzoev, Azer"]
[Result "1/2-1/2"]
[WhiteElo "2383"]
[BlackElo "2472"]
[Annotator "TA"]
[PlyCount "145"]
[EventDate "2019.11.20"]
[EventType "swiss"]
[EventCountry "TUR"]
[SourceTitle "playchess.com"]
[Source "ChessBase"]
[SourceQuality "1"]

{[%evp 26,145,32,31,25,33,33,35,35,32,31,29,23,20,29,27,42,12,37,30,65,64,105,91,93,32,46,32,83,68,69,70,102,27,46,33,47,12,92,16,38,12,20,40,148,79,171,162,151,168,116,115,108,120,98,76,96,47,62,62,60,52,93,-14,-18,-23,-17,-12,-20,-13,0,-108,-97,-139,-92,-85,-76,-80,-49,-113,-22,-16,-20,-43,-21,-626,-609,-482,-463,-416,-370,-361,-323,-348,-68,-67,-65,-93,-35,-87,-72,-72,-64,-81,-72,-73,-59,-79,-77,-63,-58,-36,-43,-44,0,0,0,-91,0,-8,0,-96]} 1. e4 e6 2. d4 d5 3. Nd2 Nf6 4. e5 Nfd7 5. Bd3 c5 6. c3 Nc6 7. Ne2 cxd4 8. cxd4 f6 9. exf6 Nxf6 10. Nf3 Bd6 11. O-O O-O 12. Bf4 Bxf4 13. Nxf4 Ng4 14. Qd2 Qf6 {C06: French Tarrasch: 3...Nf6 4 e5 Nfd7 5 Bd3 main lines} 15. Nh5 (15. Ne2 e5 16. dxe5 Ngxe5 17. Nxe5 Qxe5 18. Rae1 Be6 19. Bb5 Qd6 20. Nd4 Bd7 21. Nb3 Rad8 22. Bxc6 bxc6 {½-½ (86) Jones,G (2666)-Volkov,S (2557) Linares 2018}) 15... Qh6 16. Qxh6 Nxh6 {White is slightly better.} 17. Rac1 a6 18. Rfe1 g6 19. Ng3 Nf7 20. Ne2 Bd7 21. Nf4 $146 ({Predecessor:} 21. Nd2 Kg7 22. f4 Nb4 23. Bb1 Nd6 24. Nf3 Rac8 25. Ne5 Rxc1 26. Nxc1 Ba4 27. b3 Be8 28. a3 Nc6 {½-½ (28) Eschert,U (2292)-Emrich,E (2277) GER email 2014}) 21... Rac8 22. g3 Kg7 23. h4 Kf6 24. Kg2 Nb4 25. a3 (25. Rxc8 $16 Rxc8 26. Bb1) 25... Rxc1 26. Rxc1 Nc6 (26... Nxd3 $14 27. Nxd3 Rc8) 27. Re1 $16 Rg8 28. Bc2 h6 29. Ba4 (29. Nh2 $1 $16) 29... b5 30. Bb3 $36 {[%mdl 2048] White is pushing.} Na5 31. Bc2 Nc4 (31... g5 $1 $11 32. hxg5+ hxg5) 32. Nd3 (32. Nh2 $16) 32... g5 $11 33. h5 a5 34. Nc5 Rd8 {[#]} ({Black should try} 34... Bc8 $14) 35. Bg6 (35. Nh2 $142 $1) 35... Nh8 (35... Bc8 $16 {was worth a try.}) 36. b3 $18 Nxa3 37. Ne5 Bc8 38. Bd3 Nf7 39. Ng4+ Ke7 40. Bg6 Rh8 41. Bxf7 Kxf7 42. Ne5+ Kg7 43. Nc6 Re8 44. Nxa5 (44. Re2 $16) 44... Nc2 $1 $11 {[%csl LRd4,LRe1][%mdl 64] Double Attack} 45. Rd1 e5 46. dxe5 Rxe5 47. Nc6 Bg4 48. Rc1 (48. Nxe5 $11 Bxd1 49. f3) 48... Re2 $17 49. Kf1 Rd2 50. Ne5 Be2+ ({Weaker is} 50... Bxh5 51. g4 $16) 51. Kg2 g4 52. b4 (52. Ncd7 $15) 52... Nd4 (52... Nxb4 $17 53. Nb3 Rd1 54. Rxd1 Bxd1) 53. Ra1 $11 Kf6 54. Ncd7+ Kf5 55. Re1 $2 {[%mdl 8192] [#]} (55. Ra6 $11 Bf3+ 56. Nxf3 gxf3+ 57. Kh3 Rxf2 58. Rf6+ Ke4 59. Rxh6) 55... Nc2 $1 $19 {[%cal Rc2e1]} 56. Rc1 d4 57. Ng6 Bf3+ 58. Kf1 d3 59. Nf4 Be4 $2 ({Less strong is} 59... Nxb4 60. Rc5+ Nd5 61. Rxd5+ Bxd5 62. Ke1 $19) ({Better is} 59... Ke4 $19 {aiming for ...Kd4.} 60. Nc5+ Kd4) 60. Nc5 $1 $15 Nxb4 {...Ra2 is the strong threat.} 61. Rb1 Nc6 (61... Na2 $17 {And now ...Nc3 would win.} 62. Ke1 Rc2 63. Ncxd3 Bxd3 64. Nxd3 Ke4) 62. Ke1 (62. f3 $15 gxf3 63. Rxb5) 62... Ra2 {( -> ...d2+)} 63. Ncxd3 Nd4 64. Rb2 Nf3+ 65. Kd1 Rxb2 66. Nxb2 $17 {[%mdl 4096] Endgame KBN-KNN} Ke5 67. Ke2 Kd4 68. Ne6+ $1 Kc3 69. Nd1+ Kc4 {Strongly threatening ...Bd3+.} 70. Ne3+ {[%mdl 64] Double Attack} Kc3 71. Nd1+ (71. Nxg4 $11 {remains equal.} Ng1+ 72. Ke3) 71... Kc4 ({Black should play} 71... Kb4 $17) 72. Ne3+ $11 {[%mdl 64] Double Attack} Kc3 (72... Kb4 $11) 73. Nd1+ {Accuracy: White = 54%, Black = 43%.} 1/2-1/2

[Event "Konyaalti Open-A 2019"]
[Site "Konyaalti"]
[Date "2019.11.18"]
[Round "2.3"]
[White "Nigalidze, Gaioz"]
[Black "Noroozi, Omid"]
[Result "1/2-1/2"]
[WhiteElo "2472"]
[BlackElo "2345"]
[Annotator "TA"]
[PlyCount "117"]
[EventDate "2019.11.20"]
[EventType "swiss"]
[EventCountry "TUR"]
[SourceTitle "playchess.com"]
[Source "ChessBase"]
[SourceQuality "1"]

{[%evp 18,117,17,27,10,0,16,8,10,6,15,9,10,14,22,17,50,50,73,0,24,-20,-14,-12,-14,-23,-15,-21,-17,-26,-17,-57,-40,-116,-48,-118,-88,-92,-92,-92,-84,-106,-35,-65,0,0,0,-142,-134,-151,-150,-156,-149,-128,-137,-191,-180,-321,-334,-286,-252,-287,-270,-247,-163,-152,-137,-150,-129,-150,-149,-148,-141,-148,-144,-141,-37,-38,0,0,0,-38,0,0,0,-1,0,0,0,0,0,0,0,0,0,0,0,0,0,0,0,0]} 1. Nf3 Nf6 2. c4 e6 3. g3 d5 4. Bg2 Be7 5. O-O O-O 6. b3 c5 7. Bb2 Nc6 8. cxd5 Nxd5 9. d4 cxd4 10. Nxd4 Bd7 {A14: English Opening: 1...e6 with b3 by White} 11. e4 (11. Na3 Bf6 12. Rc1 Nxd4 13. Bxd4 Bc6 14. Nc4 Nb4 15. Bxf6 Qxf6 16. Qd2 Bxg2 17. Kxg2 Nc6 18. Rfd1 {½-½ (47) Rapport,R (2735)-Dominguez Perez,L (2760) Dortmund 2019}) 11... Nf6 12. Na3 {[%cal Bb1a3,Ba3c4,Bc4e3,Be3c2,Bc2d4][%mdl 32]} Nxd4 13. Qxd4 Bc6 14. Qe3 $146 ({Predecessor:} 14. e5 Qxd4 15. Bxd4 Nd5 16. Nc4 b6 {1-0 (48) Tanaka,H (1758)-Sakai,A (1678) Tokyo 2018}) 14... Qb6 15. Qf4 Rfd8 16. Nc4 Qa6 17. Rfc1 Rac8 18. e5 ({Better is} 18. a4 $16) 18... Ne8 19. Bf1 {aiming for Nd6!} b5 $1 {[%cal Rb5c4]} 20. Ne3 Qb7 21. Nc2 a6 22. Nd4 Bd5 23. h4 Qb6 24. Rd1 Ba8 25. Be2 (25. Bg2 $15) 25... Bc5 ({But not} 25... Qb7 $6 26. Bf3 $11) (25... Nc7 $1 $17 26. Bf3 Nd5) 26. Rd2 ({White should play} 26. a3 $15) 26... Bb4 (26... Qb7 $6 27. Bf3 $11) 27. Rd3 Nc7 ({Reject} 27... Qb7 $6 28. Bf3 $14) 28. Rad1 Nd5 $40 {[%mdl 128] White is in trouble.} ({Inferior is} 28... Qb7 29. Bf3 $16) 29. Qg4 Bc3 (29... Bc5 $17 30. h5 h6) 30. Bc1 $15 Bxd4 (30... Kh8 $15 31. Bg5 Rg8) 31. Rxd4 $11 Nc3 (31... Kh8 {keeps more tension.} 32. Bg5 Rf8 33. Bd3 f5 34. exf6 gxf6 35. Bxh7 fxg5 36. Qxg5 Nf6) 32. Rxd8+ (32. Bh6 $1 $11 {was the only way to keep the balance.} Nxe2+ 33. Kf1) 32... Rxd8 $17 33. Rxd8+ Qxd8 34. Bf3 Bxf3 35. Qxf3 Nxa2 36. Bg5 (36. Bd2 $17 h6 37. Be3) 36... Qd5 $19 37. Qe3 (37. Qxd5 $142 exd5 38. Kf1) 37... h6 38. Be7 Qd1+ 39. Kh2 Nc1 40. b4 Ne2 {White must now prevent ...Qg1+.} 41. Qf3 Qg1+ 42. Kh3 Qf1+ 43. Kh2 {[#]} Nd4 $1 {[%cal Rd4f3]} 44. Qa8+ Kh7 45. Qe4+ Nf5 46. Bc5 {[#] Threatens to win with g4.} Qc4 (46... h5 $1 $17 47. Qf3 g6) 47. Qa8 Nd4 {And now ...Nc2 would win.} 48. Qe4+ Nf5 49. Qa8 Qa2 50. Qa7 {The position is equal.} Qd5 51. Qxa6 Nd4 (51... h5 {is interesting.} 52. Qxb5 Nh6 53. Kg1 Ng4 54. Qe2 Nxe5 55. Qe3 Kg8) 52. Bxd4 $1 Qxd4 {[%mdl 64] Double Attack} 53. Qxb5 {Hoping for Qc5.} Qxf2+ $11 {[%mdl 4096] Endgame KQ-KQ} 54. Kh3 Qf5+ 55. Kh2 Qf2+ 56. Kh3 Qf5+ 57. Kh2 Qf2+ 58. Kh3 Qf5+ 59. Kh2 {Accuracy: White = 62%, Black = 58%.} 1/2-1/2

[Event "Konyaalti Open-A 2019"]
[Site "Konyaalti"]
[Date "2019.11.18"]
[Round "2.4"]
[White "Arman, Deniz"]
[Black "Haznedaroglu, Kivanc"]
[Result "0-1"]
[WhiteElo "2350"]
[BlackElo "2461"]
[Annotator "TA"]
[PlyCount "148"]
[EventDate "2019.11.20"]
[EventType "swiss"]
[EventCountry "TUR"]
[SourceTitle "playchess.com"]
[Source "ChessBase"]
[SourceQuality "1"]

{[%evp 12,154,28,18,22,29,56,22,41,26,41,12,42,34,53,43,46,2,12,10,20,12,19,14,20,24,258,260,254,262,251,258,245,256,251,246,360,363,368,362,371,169,175,175,175,162,163,139,142,137,135,123,130,119,128,130,147,116,136,145,145,120,123,138,131,97,89,90,90,89,95,101,85,95,88,79,120,58,81,0,0,0,0,0,0,0,0,0,0,-33,-32,-36,-35,-34,-30,-73,0,0,0,0,0,0,0,0,0,0,0,0,0,0,0,0,0,0,0,0,0,-27,-16,-23,-22,-84,-57,-64,-67,-415,-397,-378,-89,-119,-109,-111,-87,-672,-650,-12845,-12845,-12845,-1703,-1584,-1088,-12846,-12847,-12848,-12848]} 1. e4 c5 2. c3 Nf6 3. e5 Nd5 4. Bc4 Nb6 5. Bb3 d5 6. exd6 e6 7. Nf3 Bxd6 {B22: Sicilian: 2 c3} 8. d4 N8d7 9. dxc5 $146 ({Predecessor:} 9. O-O O-O 10. Bg5 Be7 11. Bxe7 Qxe7 12. Qe2 Rd8 13. Rd1 Nf6 14. Nbd2 Bd7 15. dxc5 Qxc5 {½-½ (74) Lin,C (2448)-Ni,H (2704) China 2015}) 9... Bxc5 {The position is equal.} 10. O-O O-O 11. Qe2 Nf6 12. Bg5 Be7 13. Rd1 Qc7 14. Qe5 Qxe5 15. Nxe5 h6 16. Bf4 g5 17. Be3 $36 {[%mdl 2048] Black is under pressure.} Nbd5 18. Bd4 b6 $2 (18... Nf4 $11 {and Black has nothing to worry.}) 19. c4 $1 $18 Nf4 20. Nc6 Ne2+ 21. Kf1 Nxd4 22. Nxe7+ Kg7 23. Rxd4 Bd7 (23... Bb7 {is a better defense.} 24. Ba4 Rad8 25. Rxd8 Rxd8) 24. Rd6 Rfd8 25. Nc3 Ne8 26. Rxd7 (26. Rd4 $142) 26... Rxd7 27. Nc6 Rc8 28. Ne5 Rd2 29. Ke1 Rd4 30. Nf3 Rdd8 31. Rd1 Rxd1+ 32. Kxd1 Nd6 33. Nd2 Nb7 34. Bc2 f5 35. b4 Kf6 36. Bd3 Nd8 37. a3 Nc6 38. Nb5 a5 {[#]} 39. bxa5 $1 Nxa5 40. Kc2 Nc6 41. Be2 g4 42. Nb3 h5 43. Kc3 Ne5 44. N3d4 (44. c5 $16) 44... h4 45. Nd6 (45. Kb4 $16) 45... Rd8 $11 46. N4b5 Nd7 47. f3 h3 48. g3 gxf3 49. Bxf3 Ne5 50. Be2 Rg8 51. Bf1 $1 Nf3 52. Bxh3 Nxh2 53. g4 Rh8 (53... Nxg4 $17 {White must now prevent ...Ne3.} 54. Bg2 Ne5) 54. g5+ Ke7 55. Bg2 f4 56. Bb7 f3 {Threatens to win with ...f2.} 57. Ne4 Ng4 58. c5 {Strongly threatening c6.} bxc5 59. a4 Rb8 60. Bc6 $1 (60. Nxc5 $2 {[#]} Rxb7 $1 {[%mdl 512]} 61. Kd2 (61. Nxb7 $2 {too greedy.} f2 $19) 61... Rb8 $19) 60... Ne5 (60... Rc8 $5 61. Bb7 $8 Rb8 $15) 61. Na7 Rf8 {And now ...f2 would win.} 62. Nf2 Rf4 63. Bb5 Kd6 64. Kd2 Rf7 65. Nc8+ Kc7 66. Ba6 (66. Na7 $11) 66... Rf4 $17 {[%mdl 1024] Black has strong compensation.} 67. Ne7 $1 Rxa4 68. Bf1 $2 {[%mdl 8192]} ({White must play} 68. g6 $1 $15 Nxg6 69. Nxg6 Rxa6 70. Ne4) 68... Ra1 $19 69. Bh3 Kd6 $2 (69... Ra2+ $19 {and Black stays clearly on top.} 70. Ke3 Kd8) 70. Nc8+ $17 Kd7 71. Nb6+ Kc7 72. Bxe6 $2 {[%mdl 8192]} (72. g6 $17 Nxg6 73. Nc4) 72... Kxb6 {KRN-KBN. Black is clearly winning.} 73. Ke3 Re1+ 74. Kf4 Nd3+ {Played: Ne5-g6} 0-1